Wikipedia日本語版のアクセスが多かったページTop100(2023) - Statistics

General Stats
  • This quiz has been taken 512 times
  • The average score is 15 of 100
Answer Stats
ヒント 答え % Correct
野球選手 大谷翔平
99%
歴史上の人物 徳川家康
59%
歴史上の人物 織田信長
58%
漫画 ONE PIECE
44%
漫画 鬼滅の刃
43%
野球選手 イチロー
43%
日本
41%
野球選手 山本由伸
40%
将棋棋士 藤井聡太
40%
歴史上の人物 豊臣秀吉
39%
野球選手 ダルビッシュ有
37%
通訳 水原一平
35%
政治家 岸田文雄
32%
アイドルグループ 乃木坂46
32%
実業家・芸能プロモーター ジャニー喜多川
31%
野球選手 佐々木朗希
30%
野球選手 ラーズ・ヌートバー
27%
漫画 呪術廻戦
27%
音楽ユニット YOASOBI
27%
植物学者 牧野富太郎
26%
漫画 【推しの子】
24%
大会 ワールド・ベースボール・クラシック
24%
お笑いコンビ 令和ロマン
24%
俳優・歌舞伎役者 市川猿之助 (4代目)
23%
野球選手 吉田正尚
22%
行為 性行為
22%
YouTuber・政治家 東谷義和
22%
芸能プロダクション ジャニーズ事務所
22%
サッカー選手 三笘薫
21%
野球選手・監督 栗山英樹
20%
アイドル・AV女優 三上悠亜
19%
ロックバンド Mrs. GREEN APPLE
19%
ボクサー 井上尚弥
17%
アイドルグループ Snow Man
17%
野球選手・監督 岡田彰布
16%
ガールズグループ NewJeans
16%
キャンドルアーティスト CANDLE JUNE
15%
女優 広末涼子
14%
会社 ビッグモーター
14%
アイドルグループ SixTONES
14%
ドラマ どうする家康
13%
歴史上の出来事 関ヶ原の戦い
13%
漫画 SPY×FAMILY
13%
ドラマ VIVANT
13%
タレント・歌手 あの
12%
漫画 葬送のフリーレン
12%
女優 浜辺美波
11%
アイドルグループ King & Prince
11%
ダンスボーカルユニット 新しい学校のリーダーズ
10%
行為 オナニー
10%
バレーボール選手 髙橋藍
9%
ガールズグループ LE SSERAFIM
9%
音楽家 坂本龍一
8%
ドラマ らんまん
8%
ライトノベル 薬屋のひとりごと
7%
小説および映画シリーズ ハリー・ポッターシリーズ
7%
アナウンサー 水卜麻美
7%
漫画 ぼっち・ざ・ろっく!
7%
漫画 東京卍リベンジャーズ
6%
サービス Twitter
6%
声優・俳優 宮野真守
5%
実業家・芸能プロモーター 藤島ジュリー景子
5%
アイドル・俳優 目黒蓮
5%
女優・歌手 趣里
4%
歴史上の人物 本多忠勝
4%
ドラマ ブギウギ (テレビドラマ)
4%
声優・俳優 津田健次郎
4%
女優・タレント 芦田愛菜
4%
声優・俳優 木村昴
4%
事故 日本航空123便墜落事故
4%
実業家・芸能プロモーター メリー喜多川
4%
歌手・女優 笠置シヅ子
3%
アイドル・俳優 平野紫耀
3%
歴史上の人物 井伊直政
3%
野球選手 トレバー・バウアー
3%
サービス ChatGPT
3%
読者モデル・タレント Ryuchell
3%
歴史上の人物 石川数正
2%
同姓同名の俳優と格闘家 中村倫也
2%
野球選手 宇田川優希
2%
アニメ 機動戦士ガンダム 水星の魔女
2%
歴史上の人物 本多正信
2%
声優 種﨑敦美
2%
ドラマ サンクチュアリ -聖域-
2%
歴史上の出来事 三方ヶ原の戦い
2%
歴史上の人物 築山殿
1%
俳優・モデル 赤楚衛二
1%
俳優 永山絢斗
1%
俳優 山田裕貴
1%
女優 安藤サクラ
1%
俳優 水上恒司
1%
歴史上の人物 今川氏真
1%
ライトノベル 陰の実力者になりたくて!
1%
歴史上の出来事 小牧・長久手の戦い
1%
ロックバンド 女王蜂 (バンド)
1%
格闘家・俳優 一ノ瀬ワタル
1%
俳優 稲葉友
1%
政治評論家 三浦瑠麗
1%
女優 古川琴音
1%
女優 佐久間由衣
1%
No matching quizzes found
Score Distribution
Percent of People with Each Score
Percentile by Number Answered
Your Score History
You have not taken this quiz